| 000 | 00441nam a22001577a 4500 | ||
|---|---|---|---|
| 999 |
_c534847 _d534847 |
||
| 020 | _a9789386668035 | ||
| 082 | _a330 | ||
| 100 | _aMankiw, N. Gregory | ||
| 245 |
_aPrinciples of Economics with CourseMate / _cN. Gregory Mankiw |
||
| 250 | _a7th ed. | ||
| 260 |
_aNew Delhi : _bCengage Learning, _c2015. |
||
| 300 |
_a847 p. ; _c25 cm. |
||
| 942 |
_2ddc _cBK |
||